O pai no tecto (Registo nº 436)

Detalhes MARC
000 -Etiqueta do registo
Cabeçalho 00645nam0a2200241 4500
005 - Identificador da versão
Campo de controlo 20240821225030.0
010 ## - Número internacional normalizado dos livros (ISBN)
Número (ISBN) 9722222244
021 ## - Número do Depósito Legal
Código do país PT
Número 197152/03
100 ## - Dados gerais de processamento
Dados gerais de processamento 20150812d2003 a e0pory5003 ba
101 0# - Língua de publicação
Língua do texto, banda sonora, etc. Português
102 ## - Pais de publicação ou produção
País de publicação Portugal
200 1# - Titulo e menção de responsabilidade
Título próprio O pai no tecto
Primeira menção de responsabilidade Maria Teresa Maia Gonzalez
210 ## - Publicação, Distribuição, etc. 
Lugar da edição, distribuição, etc. Lisboa
Nome do editor, distribuidor, etc. Verbo
Data da publicação, distribuição, etc. D. L. 2003
215 ## - Descrição física 
Indicação específica da natureza do documento e extensão da espécie 184 p
225 2# - Colecção 
Título próprio da colecção O prazer de ler
300 ## - Notas gerais 
Texto da nota Plano Nacional de Leitura
606 ## - Nome comum usado como assunto
Número de registo de entrada de autoridade 0002005
Palavra de ordem Literatura portuguesa
Subdivisão de assunto Romance
Código do sistema CA
675 ## - Classificação Decimal Universal (CDU)
Notação 821.134.3-31
Edição 3ª ed.
Língua da edição por
700 #1 - Nome de autor-pessoa física (responsabilidade principal)
Número de registo de entrada de autoridade 0001738
Palavra de ordem Gonzalez
Outra parte do nome não tomada para palavra de ordem Maria Teresa Maia
Datas 1958-
942 ## - Elementos de entrada adicionados (Koha)
Tipo de item no Koha Livro
966 ## - Identificação da Biblioteca
Sigla EB2,3ENM
Exemplares
Situação do levantamento Origin of item (home branch) (coded) Biblioteca de empréstimo Código de barras Cota Circulation type (not for loan) Tipo de documento Nota do exemplar Damaged status
  Biblioteca Escolar Eng. Nuno Mergulhão Biblioteca Escolar Eng. Nuno Mergulhão BENM920 82LP-3 GON PNL   Livro Sem mensagem